| 000 | 00461nam a2200169Ia 4500 | ||
|---|---|---|---|
| 008 | 241217s9999||||xx |||||||||||||| ||und|| | ||
| 020 |
_a9780131142312 _c0 |
||
| 040 |
_beng _cSSK Library _erda |
||
| 082 | _a616.025/BLE | ||
| 100 | _a Daniel Limmer, Michael F.O'keefe - | ||
| 245 | 0 | _aEmergency Care | |
| 250 | _a10th ed | ||
| 260 |
_b Pearson Prentice Hall _c©2005 |
||
| 942 |
_2Dewey Decimal Classification _cBOOK _nNo |
||
| 999 |
_c18994 _d18994 |
||
| 003 | OSt | ||
| 005 | 20241217112713.0 | ||